| 000 | 00388nam a2200145Ia 4500 | ||
|---|---|---|---|
| 008 | 230917s9999||||xx |||||||||||||| ||und|| | ||
| 040 |
_e165656 _aMAIN |
||
| 041 | _aEnglish | ||
| 082 | _a658.3 S23S | ||
| 100 | _aSharma, Anuradha | ||
| 245 | 0 | _aStrategic human resource management: An Indian perspective | |
| 260 |
_aNew Delhi _bResponse Books _c2006 |
||
| 300 | _a264 p. | ||
| 942 | _cBK | ||
| 999 |
_c152976 _d152976 |
||